[Event "Paleochora op 16th"]
[Site "Paleochora"]
[Date "2023.07.26"]
[Round "9"]
[White "Spyropoulos, Nikolaos"]
[Black "Naoum, Spyridon"]
[Result "1-0"]
[WhiteElo "2428"]
[BlackElo "2362"]
[PlyCount "61"]
[EventDate "2023.07.19"]
[EventType "swiss"]
[EventRounds "9"]
[EventCountry "GRE"]
[SourceTitle "EXT 2024"]
[Source "ChessBase"]
[SourceDate "2023.10.10"]
[SourceVersion "1"]
[SourceVersionDate "2023.10.10"]
[SourceQuality "1"]

1. e4 c6 2. d4 d5 3. e5 c5 4. dxc5 e6 5. a3 Bxc5 6. Nf3 Nd7 7. b4 Be7 8. Bb2 a5 9. b5 Nh6 10. Bd3 f6 11. c4 fxe5 12. cxd5 0-0 13. d6 Bf6 14. Nc3 Nc5 15. Be4 g6 16. a4 Ra7 17. Ba3 b6 18. Bxc5 bxc5 19. Bc6 Nf5 20. Ne4 Nd4 21. 0-0 Bd7 22. Bxd7 Qxd7 23. Rc1 Nxf3+ 24. gxf3 Qg7 25. b6 Raf7 26. Rxc5 Bd8 27. Rc7 Qh6 28. Rxf7 Rxf7 29. Qb3 Qh3 30. b7 Rxf3 31. Qxf3 1-0

[Event "Paleochora op 16th"]
[Site "Paleochora"]
[Date "2023.07.25"]
[Round "8"]
[White "Naoum, Spyridon"]
[Black "Venkatesh, Marani Rajendran"]
[Result "1-0"]
[WhiteElo "2362"]
[BlackElo "2443"]
[PlyCount "156"]
[EventDate "2023.07.19"]
[EventType "swiss"]
[EventRounds "9"]
[EventCountry "GRE"]
[SourceTitle "EXT 2024"]
[Source "ChessBase"]
[SourceDate "2023.10.10"]
[SourceVersion "1"]
[SourceVersionDate "2023.10.10"]
[SourceQuality "1"]

1. d4 Nf6 2. c4 e5 3. dxe5 Ng4 4. e4 Nxe5 5. f4 Nec6 6. Nc3 Bc5 7. Bd3 0-0 8. Nf3 d6 9. Qe2 Bg4 10. Be3 Na6 11. 0-0-0 Bd4 12. Qd2 Bxe3 13. Qxe3 Nc5 14. Bb1 Re8 15. Rhe1 a6 16. h3 Be6 17. e5 Qc8 18. exd6 cxd6 19. Rxd6 Na5 20. b3 Qc7 21. Rd5 b6 22. f5 Bd7 23. Re5 f6 24. Nd5 Qd6 25. Re7 Nc6 26. Rxe8+ Rxe8 27. Qf4 Rxe1+ 28. Nxe1 Ne5 29. b4 Na4 30. Bc2 Bc6 31. Bxa4 Bxa4 32. Qd4 Kf7 33. Nc2 Bc6 34. Nce3 b5 35. c5 Qd7 36. Kc2 a5 37. bxa5 Qa7 38. Qc3 Qa8 39. Nb6 Be4+ 40. Kb2 Qc6 41. a4 Nd3+ 42. Ka2 Nxc5 43. axb5 Qxb5 44. Qc4+ Qxc4+ 45. Nbxc4 Ke7 46. Kb2 Kd7 47. Kc3 Kc6 48. Kd4 Bb1 49. g4 g5 50. a6 Nxa6 51. Nd5 Nc7 52. Nxf6 h6 53. Ng8 Nb5+ 54. Ke5 Ba2 55. Na5+ Kb6 56. Nxh6 Kxa5 57. Kf6 Kb6 58. Kg7 Nd4 59. Kg6 Nf3 60. f6 Kc7 61. f7 Ne5+ 62. Kg7 Nd7 63. f8Q Nxf8 64. Kxf8 Kd6 65. Nf7+ Kd5 66. Nxg5 Ke5 67. Kg7 Kf4 68. Kh6 Kg3 69. Kh5 Bc4 70. h4 Bd3 71. Nf7 Be2 72. Nh6 Kf4 73. Kg6 Bd3+ 74. Kf6 Bb1 75. h5 Bc2 76. g5 Kg3 77. Nf5+ Kf4 78. Nd4 Kg3 1-0

[Event "Paleochora op 16th"]
[Site "Paleochora"]
[Date "2023.07.24"]
[Round "7"]
[White "Georgakopoulos, Nikolaos K"]
[Black "Naoum, Spyridon"]
[Result "0-1"]
[WhiteElo "2156"]
[BlackElo "2362"]
[PlyCount "70"]
[EventDate "2023.07.19"]
[EventType "swiss"]
[EventRounds "9"]
[EventCountry "GRE"]
[SourceTitle "EXT 2024"]
[Source "ChessBase"]
[SourceDate "2023.10.10"]
[SourceVersion "1"]
[SourceVersionDate "2023.10.10"]
[SourceQuality "1"]

1. e4 c5 2. Nf3 e6 3. g3 d5 4. exd5 exd5 5. d4 Nf6 6. Bg2 Be7 7. 0-0 0-0 8. dxc5 Bxc5 9. Nc3 Nc6 10. a3 Re8 11. b4 d4 12. Ne2 Bb6 13. Bb2 Bg4 14. h3 Bxf3 15. Bxf3 Qd7 16. Bxc6 bxc6 17. Kh2 Rad8 18. Qd3 h5 19. Rad1 Re4 20. c3 h4 21. Nxd4 Bxd4 22. cxd4 Rde8 23. d5 Nh5 24. gxh4 Qd6+ 25. Kh1 Rxh4 26. Rg1 Qd7 27. Kh2 Nf4 28. Rxg7+ Kf8 29. Rg8+ Kxg8 30. Rg1+ Kf8 31. Bg7+ Ke7 32. Re1+ Kd8 33. Rxe8+ Kxe8 34. Qe3+ Qe7 35. Bf6 Qxe3 0-1

[Event "GRE CupT 41st f/16"]
[Site "Greece"]
[Date "2023.06.18"]
[Round "1.7"]
[White "Ntounis, Nikolaos"]
[Black "Naoum, Spyridon"]
[Result "0-1"]
[WhiteElo "1951"]
[BlackElo "2299"]
[PlyCount "71"]
[EventDate "2023.06.18"]
[EventType "team-k.o."]
[EventRounds "1"]
[EventCountry "GRE"]
[SourceTitle "EXT 2024"]
[Source "ChessBase"]
[SourceDate "2023.10.10"]
[SourceVersion "1"]
[SourceVersionDate "2023.10.10"]
[SourceQuality "1"]

1. e4 c5 2. Nc3 e6 3. Nf3 a6 4. g3 b5 5. Bg2 Bb7 6. d3 Nf6 7. 0-0 d6 8. a4 b4 9. Nb1 Be7 10. b3 d5 11. e5 Nfd7 12. Bb2 Nc6 13. Nbd2 f5 14. d4 0-0 15. c4 bxc3 16. Bxc3 a5 17. Re1 Qc7 18. dxc5 Bxc5 19. Ng5 Rae8 20. Qh5 h6 21. Ndf3 Nd8 22. Qg6 hxg5 23. Nxg5 Rf7 24. Qh7+ Kf8 25. Rac1 Bxf2+ 26. Kxf2 Qb6+ 27. Ke2 Ba6+ 28. Kf3 d4 29. Bd2 d3 30. Re3 Nxe5+ 31. Rxe5 Bb7+ 32. Kf4 Qd4+ 33. Be4 Qf2+ 34. Nf3 g5+ 35. Kxg5 Rxh7 36. Be3 0-1

[Event "Chania Theodorakis Memorial 2nd"]
[Site "Chania"]
[Date "2023.04.18"]
[Round "3"]
[White "Naoum, Spyridon"]
[Black "Christiansen, Johan Sebastian"]
[Result "0-1"]
[WhiteElo "2299"]
[BlackElo "2579"]
[PlyCount "80"]
[EventDate "2023.04.17"]
[EventType "swiss"]
[EventRounds "9"]
[EventCountry "GRE"]
[SourceTitle "EXT 2024"]
[Source "ChessBase"]
[SourceDate "2023.10.10"]
[SourceVersion "1"]
[SourceVersionDate "2023.10.10"]
[SourceQuality "1"]

1. d4 Nf6 2. c4 c5 3. d5 b5 4. cxb5 a6 5. bxa6 g6 6. Nc3 Bxa6 7. e4 Bxf1 8. Kxf1 d6 9. Nf3 Qc8 10. h3 Bg7 11. g3 0-0 12. Kg2 Qb7 13. Re1 Nbd7 14. Rb1 Rfc8 15. Kg1 Nb6 16. b3 Nfd7 17. Bb2 Bxc3 18. Bxc3 Rxa2 19. h4 Nf6 20. Qc1 Ng4 21. Rb2 Rxb2 22. Bxb2 Nd7 23. Qg5 Ndf6 24. Nd2 Ra8 25. Ra1 Rxa1+ 26. Bxa1 h5 27. Bxf6 exf6 28. Qf4 Qb4 29. Nc4 Qxb3 30. Nxd6 Qa4 31. Nc8 Kg7 32. Ne7 Qd4 33. Nc6 Qd1+ 34. Kg2 c4 35. Nd8 Ne5 36. Qe3 Qc2 37. Nc6 Ng4 38. Qd4 c3 39. d6 Qe2 40. d7 c2 0-1

[Event "Chalkida Evoiki op 5th"]
[Site "Chalkida"]
[Date "2023.01.06"]
[Round "2"]
[White "Kalyva, Kyriaki"]
[Black "Naoum, Spyridon"]
[Result "1-0"]
[WhiteElo "1775"]
[BlackElo "2318"]
[PlyCount "193"]
[EventDate "2023.01.05"]
[EventType "swiss"]
[EventRounds "7"]
[EventCountry "GRE"]
[SourceTitle "CBM 212 Extra"]
[Source "ChessBase"]
[SourceDate "2023.03.31"]
[SourceVersion "1"]
[SourceVersionDate "2023.03.31"]
[SourceQuality "1"]

1. d4 Nf6 2. c4 g6 3. Nc3 Bg7 4. e4 d6 5. h3 0-0 6. Be3 c5 7. d5 e6 8. Nf3 exd5 9. cxd5 b5 10. Bxb5 Nxe4 11. Nxe4 Qa5+ 12. Nc3 Bxc3+ 13. bxc3 Qxb5 14. Qb3 Ba6 15. Qxb5 Bxb5 16. Nd2 Nd7 17. c4 Ba6 18. 0-0 Ne5 19. Rac1 Rab8 20. Rc3 Rb6 21. Rfc1 f5 22. Bf4 Nf7 23. h4 Re8 24. Rb3 h6 25. Rcc3 Kg7 26. Rg3 Re1+ 27. Kh2 Re2 28. Kg1 Re1+ 29. Kh2 Bc8 30. Rxb6 axb6 31. Rb3 Re2 32. Kg1 g5 33. Kf1 Re7 34. hxg5 hxg5 35. Bh2 Rb7 36. f4 g4 37. Bg3 Ra7 38. a3 Ra4 39. Ke2 Ba6 40. Kd3 Ra5 41. Rxb6 Rxa3+ 42. Rb3 Ra2 43. Bh4 Bc8 44. Rb6 Ra3+ 45. Rb3 Ra6 46. Kc3 Ra8 47. Rb6 Kf8 48. Kb2 Ke8 49. Rb3 Bd7 50. Re3+ Kf8 51. Be7+ Kg8 52. Bh4 Rb8+ 53. Rb3 Re8 54. Rb7 Re2 55. Kc3 Ba4 56. g3 Re3+ 57. Kb2 Rd3 58. Nb3 Bxb3 59. Rxb3 Rd4 60. Rc3 Kg7 61. Kb3 Rd1 62. Re3 Rb1+ 63. Kc2 Rb4 64. Kc3 Rb1 65. Re6 Rh1 66. Re2 Rh3 67. Kd3 Rh1 68. Kc2 Rf1 69. Kd3 Rf3+ 70. Re3 Rf1 71. Kd2 Kf8 72. Be7+ Kg7 73. Bh4 Ra1 74. Rc3 Ra2+ 75. Rc2 Ra6 76. Rb2 Ra7 77. Kc2 Nh8 78. Bg5 Ra4 79. Kc3 Ra3+ 80. Rb3 Ra1 81. Kb2 Re1 82. Rc3 Ng6 83. Rb3 Re2+ 84. Ka3 Re4 85. Rc3 Nf8 86. Ka4 Nh7 87. Bh4 Re1 88. Kb5 Nf6 89. Bxf6+ Kxf6 90. Kc6 Rf1 91. Rc2 Rf3 92. Rg2 Rc3 93. Kxd6 Rxc4 94. Kc7 Rd4 95. d6 c4 96. d7 Ke6 97. Re2+ 1-0

[Event "Chalkida Evoiki op 5th"]
[Site "Chalkida"]
[Date "2023.01.06"]
[Round "3"]
[White "Naoum, Spyridon"]
[Black "Papakyriakou, Charalampos"]
[Result "1-0"]
[WhiteElo "2318"]
[BlackElo "1463"]
[PlyCount "165"]
[EventDate "2023.01.05"]
[EventType "swiss"]
[EventRounds "7"]
[EventCountry "GRE"]
[SourceTitle "CBM 212 Extra"]
[Source "ChessBase"]
[SourceDate "2023.03.31"]
[SourceVersion "1"]
[SourceVersionDate "2023.03.31"]
[SourceQuality "1"]

1. c4 Nf6 2. Nc3 e6 3. Nf3 Bb4 4. Qb3 Nc6 5. a3 Be7 6. e3 d5 7. Qc2 0-0 8. d4 a6 9. b4 dxc4 10. Bxc4 b5 11. Bd3 Bb7 12. Bb2 h6 13. 0-0 Re8 14. Ne4 Nd5 15. Rfd1 Bf8 16. Nc5 Bxc5 17. dxc5 Qe7 18. Bf1 Rad8 19. Qb3 Nf6 20. Qc3 Rxd1 21. Rxd1 e5 22. Qb3 Qe6 23. Qxe6 Rxe6 24. Nd2 Re8 25. Nb3 Bc8 26. Bd3 Be6 27. Bc2 Bc4 28. f3 Nd5 29. Kf2 Nf6 30. h3 Kf8 31. Nd2 Bd5 32. Bc3 Re7 33. Bd3 Re8 34. Ke2 Kg8 35. Bc2 Kf8 36. Rc1 Kg8 37. Ra1 Nd4+ 38. Bxd4 exd4 39. e4 Bc4+ 40. Bd3 Bxd3+ 41. Kxd3 Rd8 42. g3 Nd7 43. f4 Nb8 44. e5 f5 45. exf6 gxf6 46. Re1 Kf7 47. Nf3 Nc6 48. g4 a5 49. bxa5 Nxa5 50. Rb1 c6 51. Rb4 Nb7 52. Rxd4 Nxc5+ 53. Ke2 Re8+ 54. Kf2 Ne4+ 55. Kg2 c5 56. Rd7+ Re7 57. Rd8 Re8 58. Rd1 c4 59. Rc1 Rd8 60. a4 Nd2 61. axb5 Nxf3 62. Kxf3 Rb8 63. Rxc4 Rxb5 64. Rc7+ Kg8 65. Ke4 h5 66. Rd7 hxg4 67. hxg4 Kf8 68. Rd5 Rb6 69. Kf5 Rc6 70. Rd7 Ke8 71. Ra7 Kf8 72. Kg6 Ke8 73. f5 Rc4 74. Kxf6 Rxg4 75. Ra8+ Kd7 76. Kf7 Rg2 77. f6 Rg1 78. Ra2 Rf1 79. Rd2+ Kc6 80. Kg7 Rg1+ 81. Kf8 Rf1 82. f7 Re1 83. Rg2 1-0

[Event "GRE-ch 71st"]
[Site "Athens"]
[Date "2022.12.11"]
[Round "9"]
[White "Moutousis, Konstantinos"]
[Black "Naoum, Spyridon"]
[Result "1-0"]
[WhiteElo "2392"]
[BlackElo "2352"]
[PlyCount "77"]
[EventDate "2022.12.03"]
[EventType "tourn"]
[EventRounds "9"]
[EventCountry "GRE"]
[EventCategory "4"]
[SourceTitle "CBM 211 Extra"]
[Source "ChessBase"]
[SourceDate "2023.01.31"]
[SourceVersion "1"]
[SourceVersionDate "2023.01.31"]
[SourceQuality "1"]

1. d4 Nf6 2. Nf3 g6 3. c3 Bg7 4. Bf4 d6 5. h3 0-0 6. e3 Nc6 7. Bh2 Nd7 8. b4 e5 9. b5 Ne7 10. a4 h6 11. Be2 f5 12. Qc2 g5 13. Na3 f4 14. exf4 exf4 15. Kd2 Ne5 16. dxe5 dxe5+ 17. Kc1 Bf5 18. Qb3+ Kh8 19. Rd1 Qe8 20. Kb2 Bh7 21. Bc4 Nf5 22. Bd5 e4 23. Re1 Nd6 24. Nc4 Rd8 25. Nxd6 Rxd6 26. Bxb7 Qe7 27. Qc4 c6 28. Bxc6 Rc8 29. Nd4 Rcd8 30. Rad1 a5 31. g3 Bg8 32. Rxe4 Qxe4 33. Qxg8+ Kxg8 34. Bxe4 Bxd4 35. cxd4 Rxd4 36. Rxd4 Rxd4 37. Bc2 Kf7 38. gxf4 gxf4 39. Kc3 1-0

[Event "GRE-ch 71st"]
[Site "Athens"]
[Date "2022.12.05"]
[Round "3"]
[White "Trimitzios, Petros"]
[Black "Naoum, Spyridon"]
[Result "1-0"]
[WhiteElo "2358"]
[BlackElo "2352"]
[PlyCount "65"]
[EventDate "2022.12.03"]
[EventType "tourn"]
[EventRounds "9"]
[EventCountry "GRE"]
[EventCategory "4"]
[SourceTitle "CBM 211 Extra"]
[Source "ChessBase"]
[SourceDate "2023.01.31"]
[SourceVersion "1"]
[SourceVersionDate "2023.01.31"]
[SourceQuality "1"]

1. Nf3 g6 2. g3 Bg7 3. d4 Nf6 4. Bg2 0-0 5. 0-0 d6 6. c4 Nc6 7. Nc3 a6 8. d5 Na5 9. Nd2 c5 10. Qc2 Rb8 11. Rb1 Bd7 12. b3 b5 13. Bb2 Bh6 14. f4 bxc4 15. bxc4 e5 16. dxe6 Bxe6 17. Nd5 Rxb2 18. Qxb2 Ng4 19. Qa3 Bg7 20. Nb6 h5 21. h4 Bd4+ 22. Kh1 Nf2+ 23. Rxf2 Bxf2 24. Kh2 f5 25. Qxa5 g5 26. hxg5 h4 27. gxh4 Be3 28. Kg3 Qe8 29. Qc3 Bd4 30. Qd3 Rf7 31. e3 Rh7 32. exd4 Qh5 33. Kf2 1-0

[Event "Paleochora op 15th"]
[Site "Paleochora"]
[Date "2022.07.24"]
[Round "9"]
[White "Szente Varga, Fruzsina"]
[Black "Naoum, Spyridon"]
[Result "0-1"]
[WhiteElo "2092"]
[BlackElo "2346"]
[PlyCount "60"]
[EventDate "2022.07.17"]
[EventType "swiss"]
[EventRounds "9"]
[EventCountry "GRE"]
[SourceTitle "CBM 209 Extra"]
[Source "ChessBase"]
[SourceDate "2022.09.30"]
[SourceVersion "1"]
[SourceVersionDate "2022.09.30"]
[SourceQuality "1"]

1. e4 c5 2. Nf3 e6 3. b3 Nc6 4. Bb2 Nf6 5. e5 Ng4 6. Bb5 Be7 7. Bxc6 bxc6 8. h3 Nh6 9. Nc3 f6 10. Ne4 fxe5 11. Nxe5 0-0 12. 0-0 Qc7 13. f4 d6 14. Ng4 Nf5 15. Ne3 Nd4 16. Qh5 Bd7 17. Ng5 Bxg5 18. fxg5 e5 19. c3 g6 20. Qh4 Ne2+ 21. Kh1 Nf4 22. d4 Nd3 23. Ba3 Rf4 24. Rxf4 exf4 25. dxc5 d5 26. Nc2 Bf5 27. Ne1 Ne5 28. Qxf4 Be4 29. Qg3 Rf8 30. c4 Ng4 0-1

[Event "Paleochora op 15th"]
[Site "Paleochora"]
[Date "2022.07.21"]
[Round "6"]
[White "Naoum, Spyridon"]
[Black "Stremavicius, Titas"]
[Result "0-1"]
[WhiteElo "2346"]
[BlackElo "2532"]
[PlyCount "124"]
[EventDate "2022.07.17"]
[EventType "swiss"]
[EventRounds "9"]
[EventCountry "GRE"]
[SourceTitle "CBM 209 Extra"]
[Source "ChessBase"]
[SourceDate "2022.09.30"]
[SourceVersion "1"]
[SourceVersionDate "2022.09.30"]
[SourceQuality "1"]

1. d4 d5 2. c4 e6 3. Nf3 Nf6 4. Nc3 Nbd7 5. Bf4 dxc4 6. e3 b5 7. Nxb5 Bb4+ 8. Nc3 Nd5 9. a3 Nxc3 10. Qd2 Ne2 11. axb4 Nxf4 12. exf4 Bb7 13. Be2 0-0 14. 0-0 Nb6 15. Ne5 Qd6 16. Rfd1 Rfb8 17. Ra5 Bd5 18. Rda1 f6 19. Ng4 Nc8 20. Rc5 c6 21. f5 exf5 22. Ne3 f4 23. Nxc4 Qe6 24. Bf1 Nd6 25. Nxd6 Qxd6 26. Qc3 Rd8 27. Bc4 Bxc4 28. Qxc4+ Kh8 29. Rd1 Rab8 30. Rxc6 Qxb4 31. Qxb4 Rxb4 32. Rd2 Kg8 33. d5 Rd7 34. Kf1 Re4 35. d6 Kf7 36. Ra6 Ke6 37. Re2 Re5 38. h4 Rb7 39. Rd2 Kd7 40. Ra4 g5 41. Ra6 h6 42. Rd1 Reb5 43. Re1 R5b6 44. Rxa7 Rxa7 45. Re7+ Kxd6 46. Rxa7 Rxb2 47. Rh7 Rb1+ 48. Ke2 g4 49. Rxh6 Ke5 50. Rh5+ f5 51. Rh8 Rg1 52. h5 Rxg2 53. h6 f3+ 54. Ke3 f4+ 55. Kd3 Rxf2 56. h7 Rh2 57. Re8+ Kd5 58. h8Q Rxh8 59. Rxh8 g3 60. Rd8+ Ke6 61. Re8+ Kd7 62. Rg8 g2 0-1

[Event "Paleochora op 15th"]
[Site "Paleochora"]
[Date "2022.07.20"]
[Round "5"]
[White "Basso, Pier Luigi"]
[Black "Naoum, Spyridon"]
[Result "0-1"]
[WhiteElo "2561"]
[BlackElo "2346"]
[PlyCount "98"]
[EventDate "2022.07.17"]
[EventType "swiss"]
[EventRounds "9"]
[EventCountry "GRE"]
[SourceTitle "CBM 209 Extra"]
[Source "ChessBase"]
[SourceDate "2022.09.30"]
[SourceVersion "1"]
[SourceVersionDate "2022.09.30"]
[SourceQuality "1"]

1. d4 Nf6 2. c4 g6 3. g3 Bg7 4. Bg2 0-0 5. Nc3 d6 6. Nf3 Nc6 7. d5 Na5 8. Nd2 c6 9. 0-0 cxd5 10. cxd5 Bd7 11. b4 Qc7 12. bxa5 Qxc3 13. Nb3 Rfc8 14. Be3 Ng4 15. Bd4 Bxd4 16. Qxd4 Qxd4 17. Nxd4 Rc4 18. e3 Rac8 19. Rfb1 R8c7 20. h3 Nf6 21. g4 Ne8 22. Rb2 a6 23. Rab1 Bc8 24. Kf1 h6 25. Ke2 Nf6 26. Kd2 Kf8 27. f4 Ra4 28. Nb3 g5 29. Rf1 Ke8 30. Rf2 Rcc4 31. Kd3 Kd8 32. Nd2 Rc5 33. Nb3 Rcc4 34. Nd2 Rc5 35. Nb3 Rb5 36. fxg5 hxg5 37. e4 Nd7 38. Rbc2 Ne5+ 39. Ke3 Rbb4 40. Rf1 Bd7 41. Rfc1 Rc4 42. Nd2 Rxc2 43. Rxc2 Rxa5 44. Bf1 Ra3+ 45. Kd4 f6 46. Nb3 Ba4 47. Rb2 Bxb3 48. axb3 Ra1 49. Rf2 Rc1 0-1

[Event "Francophonie-ch 8th"]
[Site "Casablanca"]
[Date "2022.07.06"]
[Round "7"]
[White "Berend, Elvira S"]
[Black "Naoum, Spyridon"]
[Result "0-1"]
[WhiteElo "2333"]
[BlackElo "2346"]
[PlyCount "82"]
[EventDate "2022.07.02"]
[EventType "swiss"]
[EventRounds "9"]
[EventCountry "MAR"]
[SourceTitle "EXT 2023"]
[Source "ChessBase"]
[SourceDate "2022.10.05"]
[SourceVersion "1"]
[SourceVersionDate "2022.10.05"]
[SourceQuality "1"]

1. d4 f5 2. g3 Nf6 3. Bg2 e6 4. c4 d5 5. Nf3 c6 6. 0-0 Bd6 7. Nc3 0-0 8. Qc2 Ne4 9. Rb1 Qe8 10. b4 b5 11. c5 Bc7 12. a4 Nxc3 13. Qxc3 bxa4 14. Ra1 Ba6 15. Rxa4 Bb5 16. Ra3 Nd7 17. Re1 e5 18. dxe5 Nxe5 19. Bf4 Nxf3+ 20. exf3 Qd7 21. Bxc7 Qxc7 22. f4 Rae8 23. Raa1 a6 24. f3 Qf7 25. Bf1 h6 26. Qd4 g5 27. Kf2 Qh5 28. Kg2 Bxf1+ 29. Rxf1 gxf4 30. Rxa6 fxg3 31. hxg3 f4 32. Rxc6 Re2+ 33. Rf2 Re1 34. Rf1 Rxf1 35. Kxf1 Qh1+ 36. Qg1 Qxf3+ 37. Qf2 Qh1+ 38. Ke2 Re8+ 39. Kd2 f3 40. Kc3 Qc1+ 41. Kb3 Qc4+ 0-1

[Event "Francophonie-ch 8th"]
[Site "Casablanca"]
[Date "2022.07.05"]
[Round "6"]
[White "Naoum, Spyridon"]
[Black "Vernay, Clovis"]
[Result "1/2-1/2"]
[WhiteElo "2346"]
[BlackElo "2513"]
[PlyCount "82"]
[EventDate "2022.07.02"]
[EventType "swiss"]
[EventRounds "9"]
[EventCountry "MAR"]
[SourceTitle "EXT 2023"]
[Source "ChessBase"]
[SourceDate "2022.10.05"]
[SourceVersion "1"]
[SourceVersionDate "2022.10.05"]
[SourceQuality "1"]

1. d4 d5 2. c4 c6 3. Nc3 Nf6 4. e3 Bf5 5. cxd5 cxd5 6. Qb3 Bc8 7. f4 Nc6 8. Nf3 g6 9. Bd3 Bg7 10. Bd2 0-0 11. Ne5 e6 12. h4 Nxe5 13. dxe5 Nd7 14. h5 Nc5 15. Qc2 Bd7 16. Ne2 Qb6 17. Nd4 Qxb2 18. Rb1 Qxc2 19. Bxc2 Rfc8 20. Ke2 b6 21. Bb4 Ba4 22. hxg6 hxg6 23. Rbc1 Bxc2 24. Rxc2 Na6 25. Rxc8+ Rxc8 26. Be7 Rc4 27. g4 Nb4 28. Bxb4 Rxb4 29. Rc1 g5 30. Rc8+ Kh7 31. Kd3 gxf4 32. exf4 Ra4 33. Rc7 Kg8 34. Rc8+ Kh7 35. Rc7 Ra3+ 36. Kc2 Kg8 37. Rc8+ Kh7 38. Rc7 Kg8 39. Rc8+ Kh7 40. Rc7 Kg8 41. Rc8+ Kh7 1/2-1/2

[Event "Francophonie-ch 8th"]
[Site "Casablanca"]
[Date "2022.07.04"]
[Round "4"]
[White "Naoum, Spyridon"]
[Black "Bensghir, Imad"]
[Result "1-0"]
[WhiteElo "2346"]
[BlackElo "1939"]
[PlyCount "65"]
[EventDate "2022.07.02"]
[EventType "swiss"]
[EventRounds "9"]
[EventCountry "MAR"]
[SourceTitle "EXT 2023"]
[Source "ChessBase"]
[SourceDate "2022.10.05"]
[SourceVersion "1"]
[SourceVersionDate "2022.10.05"]
[SourceQuality "1"]

1. d4 Nf6 2. c4 e5 3. dxe5 Ng4 4. e3 d6 5. exd6 Bxd6 6. Be2 Ne5 7. Nc3 Nbc6 8. f4 Ng6 9. Nf3 0-0 10. 0-0 b6 11. Nb5 Bc5 12. Qxd8 Rxd8 13. Kh1 Bb7 14. Nxc7 Rac8 15. Nd5 f5 16. Bd2 Nce7 17. Nxe7+ Bxe7 18. Rad1 Bc5 19. b4 Rxd2 20. Nxd2 Bxe3 21. Bf3 Bxf3 22. Rxf3 Bxd2 23. Rxd2 Rxc4 24. g3 h5 25. a3 h4 26. Kg2 Rc7 27. Rfd3 Kh7 28. Rd7 Rc3 29. Rxa7 Kh6 30. Rd6 b5 31. a4 Kh5 32. Rxg7 h3+ 33. Kf2 1-0

[Event "Francophonie-ch 8th"]
[Site "Casablanca"]
[Date "2022.07.03"]
[Round "2"]
[White "Naoum, Spyridon"]
[Black "Tetepoulidis, Ioannis"]
[Result "1/2-1/2"]
[WhiteElo "2346"]
[BlackElo "2078"]
[PlyCount "21"]
[EventDate "2022.07.02"]
[EventType "swiss"]
[EventRounds "9"]
[EventCountry "MAR"]
[SourceTitle "EXT 2023"]
[Source "ChessBase"]
[SourceDate "2022.10.05"]
[SourceVersion "1"]
[SourceVersionDate "2022.10.05"]
[SourceQuality "1"]

1. e4 e6 2. d4 d5 3. exd5 exd5 4. Bd3 Bd6 5. Qe2+ Qe7 6. Qxe7+ Nxe7 7. Nf3 Bf5 8. Bxf5 Nxf5 9. Nc3 Nc6 10. Be3 0-0-0 11. 0-0-0 1/2-1/2

[Event "Chania Theodorakis Memorial 1st"]
[Site "Chania"]
[Date "2022.04.27"]
[Round "4"]
[White "Naoum, Spyridon"]
[Black "Mastrovasilis, Athanasios"]
[Result "0-1"]
[WhiteElo "2301"]
[BlackElo "2540"]
[PlyCount "150"]
[EventDate "2022.04.25"]
[EventType "swiss"]
[EventRounds "9"]
[EventCountry "GRE"]
[SourceTitle "CBM 208 Extra"]
[Source "ChessBase"]
[SourceDate "2022.07.31"]
[SourceVersion "1"]
[SourceVersionDate "2022.07.31"]
[SourceQuality "1"]

1. d4 d5 2. c4 e6 3. Nc3 Be7 4. cxd5 exd5 5. Bf4 Nf6 6. e3 0-0 7. Bd3 c5 8. Nf3 Nc6 9. h3 cxd4 10. exd4 Bd6 11. Be3 Re8 12. 0-0 h6 13. Rc1 a6 14. Re1 Bc7 15. Qb3 Qd6 16. Ne2 Ba5 17. Bf4 Qb4 18. Red1 Qxb3 19. axb3 Nb4 20. Ng3 Nxd3 21. Rxd3 Ne4 22. Rdd1 Nxg3 23. fxg3 Be6 24. Bd2 Bb6 25. Bb4 Bd7 26. Kf2 Bb5 27. Re1 f6 28. Rxe8+ Rxe8 29. Re1 Rc8 30. Bc3 Kf7 31. g4 Bd3 32. Nd2 Ba7 33. Re3 Bc2 34. Re1 Rc6 35. Kf3 Rb6 36. b4 Rc6 37. Rc1 Bd3 38. Re1 Bb8 39. Nb3 b6 40. Nd2 f5 41. gxf5 Bxf5 42. Kf2 Rf6 43. Kg1 Bg3 44. Rf1 Bd3 45. Rf3 Rxf3 46. Nxf3 Ke6 47. Be1 Bf4 48. Kf2 Bc1 49. Ne5 Bc2 50. Bc3 Kf5 51. Nd7 Ke4 52. Nxb6 Be3+ 53. Ke1 Bxd4 54. Bxd4 Kxd4 55. Kd2 Bf5 56. b3 Ke4 57. Na4 Kf4 58. Nc5 Bc8 59. Ke2 Kg3 60. Kf1 d4 61. Ne4+ Kf4 62. Nd6 Be6 63. Kf2 Bxb3 64. b5 axb5 65. Nxb5 Ke5 66. Nc7 Bf7 67. Na6 Kd5 68. Ke1 Ke4 69. Kd2 Bc4 70. Nc5+ Kd5 71. Nd7 Bf1 72. Nb6+ Ke4 73. Nc8 Bxg2 74. Nd6+ Ke5 75. Nc4+ Kd5 0-1

[Event "Chania Theodorakis Memorial 1st"]
[Site "Chania"]
[Date "2022.04.26"]
[Round "2"]
[White "Naoum, Spyridon"]
[Black "Berketis, Angelos"]
[Result "1-0"]
[WhiteElo "2301"]
[BlackElo "1776"]
[PlyCount "69"]
[EventDate "2022.04.25"]
[EventType "swiss"]
[EventRounds "9"]
[EventCountry "GRE"]
[SourceTitle "CBM 208 Extra"]
[Source "ChessBase"]
[SourceDate "2022.07.31"]
[SourceVersion "1"]
[SourceVersionDate "2022.07.31"]
[SourceQuality "1"]

1. d4 Nf6 2. c4 g6 3. f3 d5 4. cxd5 Nxd5 5. e4 Nb6 6. Nc3 Bg7 7. Be3 0-0 8. Qd2 e5 9. d5 c6 10. h4 cxd5 11. exd5 e4 12. fxe4 Re8 13. 0-0-0 Bg4 14. Nf3 Bxc3 15. Qxc3 Rxe4 16. Bh6 Qc8 17. Qxc8+ Nxc8 18. Bd3 Bxf3 19. gxf3 Rd4 20. Be4 Ra4 21. d6 Nxd6 22. Bc2 Ra6 23. Bf4 Nc6 24. Rxd6 Rxa2 25. Kb1 Ra5 26. Rd7 Rb5 27. Re1 a5 28. Bd3 Rb4 29. Re4 Rc8 30. Bd2 Rb3 31. Ka2 Rb6 32. Bc3 Nb4+ 33. Bxb4 axb4 34. Kb3 Rf6 35. Be2 1-0

[Event "Larnaca OFIS op 2nd"]
[Site "Larnaca"]
[Date "2021.10.28"]
[Round "7"]
[White "Pavlidou, Ekaterini"]
[Black "Naoum, Spyridon"]
[Result "0-1"]
[WhiteElo "2161"]
[BlackElo "2281"]
[PlyCount "104"]
[EventDate "2021.10.22"]
[EventType "swiss"]
[EventRounds "9"]
[EventCountry "CYP"]
[SourceTitle "CBM 204 Extra"]
[Source "ChessBase"]
[SourceDate "2021.11.30"]
[SourceVersion "1"]
[SourceVersionDate "2021.11.30"]
[SourceQuality "1"]

1. d4 f5 2. c4 Nf6 3. Nc3 e6 4. g3 d5 5. Bg2 c6 6. Nh3 Bd6 7. Bf4 Be7 8. e3 0-0 9. Qc2 h6 10. Bxb8 Rxb8 11. Nf4 Bd6 12. Ng6 Rf7 13. f4 Bd7 14. c5 Bc7 15. b4 Be8 16. Ne2 Ng4 17. Qd3 h5 18. h3 Nh6 19. Bf3 b6 20. Kf2 Rd7 21. Ne5 Bxe5 22. dxe5 bxc5 23. bxc5 Rdb7 24. Rhb1 h4 25. Rxb7 hxg3+ 26. Kxg3 Rxb7 27. Rb1 Re7 28. h4 Qa5 29. Qc3 Qa6 30. a3 Ng4 31. Rb8 Kh7 32. Qc1 Qa5 33. Bxg4 fxg4 34. Kxg4 Bg6 35. Ng3 Qa6 36. Rb3 Rb7 37. Rxb7 Qxb7 38. h5 Bd3 39. Qd1 Qb5 40. Qc1 Kg8 41. Kf3 Qb3 42. Kg4 Qa2 43. Qc3 Qb1 44. Qb4 Qd1+ 45. Kh3 Kh7 46. Qd4 Kg8 47. f5 Bxf5+ 48. Nxf5 Qf1+ 49. Kh4 Qxf5 50. Qa4 Qf2+ 51. Kg4 Qe2+ 52. Kh4 Qc4+ 0-1